Normal view MARC view

Entry Personal Name

Number of records used in: 2

001 - CONTROL NUMBER

  • control field: 4689

003 - CONTROL NUMBER IDENTIFIER

  • control field: OSt

005 - DATE AND TIME OF LATEST TRANSACTION

  • control field: 20150519180306.0

008 - FIXED-LENGTH DATA ELEMENTS

  • fixed length control field: 150519|| aca||aabn | a|a d

040 ## - CATALOGING SOURCE

  • Original cataloging agency: OSt
  • Transcribing agency: OSt

100 ## - HEADING--PERSONAL NAME

  • Personal name: Nunn J F

670 ## - SOURCE DATA FOUND

  • Source citation: Work cat.: (OSt): Nunn J F, Nunn's Applied Respiratory Physiology /, 1993.